| 000 | 00414nam a2200145 4500 | ||
|---|---|---|---|
| 005 | 20260530115255.0 | ||
| 100 | 1 |
_aAlvaro Sánchez _930298 |
|
| 245 | 1 | 0 | _aGuía para el desarrollo constructivo de Proyectos Arquitectónicos Vol 1 |
| 264 | 1 |
_bTrillas _c1987 |
|
| 300 | _a204 páginas | ||
| 500 | _aLibro de Referencia | ||
| 336 |
_atexto _2rdacontent |
||
| 337 |
_asin medio _2rdamedia |
||
| 338 |
_avolumen _2rdacarrier |
||
| 999 |
_c12543 _d12543 |
||